ՀՀ Գիտությունների ազգային ակադեմիայի հիմնարար գիտական գրադարան  =   Fundamental Scientific Library of NAS RA

Построение блок-схем и колебательных систем передатчиков длинных, средних и коротких волн : (Record no. 446744)

MARC details
000 -LEADER
fixed length control field 01361nam a2200217 a 4500
003 - CONTROL NUMBER IDENTIFIER
control field AM-YeHGA
040 ## - CATALOGING SOURCE
Original cataloging agency AM-YeHGA
090 ## - LOCALLY ASSIGNED LC-TYPE CALL NUMBER (OCLC); LOCAL CALL NUMBER (RLIN)
-- 449620
005 - DATE AND TIME OF LATEST TRANSACTION
control field 20250617160133.0
008 - FIXED-LENGTH DATA ELEMENTS--GENERAL INFORMATION
fixed length control field 190415s1960 ru ||||fr|||||00||0|rus||
041 0# - LANGUAGE CODE
Language code of text/sound track or separate title rus
100 1# - MAIN ENTRY--PERSONAL NAME
Personal name Писаревский, А. М.
245 10 - TITLE STATEMENT
Title Построение блок-схем и колебательных систем передатчиков длинных, средних и коротких волн :
Remainder of title (Учеб. пособие к курсовому проектированию) /
Statement of responsibility, etc. А.М. Писаревский ; М-во связи СССР ; Ленингр. электротехн. ин-т связи им. проф. М. А. Бонч-Бруевича, Кафедра радиопередающих устройств.
260 ## - PUBLICATION, DISTRIBUTION, ETC.
Place of publication, distribution, etc. Ленинград :
Name of publisher, distributor, etc. [б. и.],
Date of publication, distribution, etc. 1960.
300 ## - PHYSICAL DESCRIPTION
Extent 224 с. :
Other physical details черт. ;
Dimensions 22 см.
504 ## - BIBLIOGRAPHY, ETC. NOTE
Bibliography, etc. note Библиогр.: с. 222 (11 назв.):
650 14 - SUBJECT ADDED ENTRY--TOPICAL TERM
Topical term or geographic name entry element Радиопередатчики
Form subdivision Курсовое проектирование |
710 2# - ADDED ENTRY--CORPORATE NAME
Corporate name or jurisdiction name as entry element Министерство связи СССР :
710 2# - ADDED ENTRY--CORPORATE NAME
Corporate name or jurisdiction name as entry element Ленинградский электротехнический институт связи им. проф. М. А. Бонч-Бруевича :
Subordinate unit Кафедра радиопередающих устройств
942 ## - ADDED ENTRY ELEMENTS (KOHA)
Source of classification or shelving scheme Universal Decimal Classification
Koha item type Գրքեր / Books
Holdings
Withdrawn status Lost status Source of classification or shelving scheme Damaged status Not for loan Collection Home library Current library Date acquired Total checkouts Full call number Barcode Date last seen Price effective from Koha item type Public note
    Universal Decimal Classification     General Fundamental Scientific Library Fundamental Scientific Library 07/02/2020   РII/32904 FL0617763 07/02/2020 07/02/2020 Գրքեր / Books 30 Days Loan


ՀՀ ԳԱԱ հիմնարար գիտական գրադարան
ՀՀ,Երևան 0019
Մարշալ Բաղրամյան 24/6
հեռախոս:(374-10) 52-47-50
Հետադարձ կապ

All site content, except where otherwise noted, is licensed under a
Creative Commons License